Prednosť dostáva podstata

Medzinárodné štandardy zjednotia účtovnú uzávierku a vykazovanie. Zavedenie IAS - najväčšia zmena vo finančnom výkazníctve za posledných 30 rokov.

Guardado en:
Detalles Bibliográficos
Autor principal: Kusovská, Martina
Formato: Capítulo de libro
Lenguaje:eslovaco
Materias:
Etiquetas: Agregar Etiqueta
Sin Etiquetas, Sea el primero en etiquetar este registro!

MARC

LEADER 00000naa a2200000 4500
001 r048907
005 20230920090646.6
041 0 |a slo 
044 |a SK 
245 1 0 |a Prednosť dostáva podstata  |c Martina Kusovská 
520 |a Medzinárodné štandardy zjednotia účtovnú uzávierku a vykazovanie. Zavedenie IAS - najväčšia zmena vo finančnom výkazníctve za posledných 30 rokov. 
610 2 0 |a uzávierka účtovná 
610 2 0 |a štandardy účtovné medzinárodné 
610 2 0 |a štandardizácia 
610 2 0 |a Európska únia 
100 1 |a Kusovská, Martina